[Event "ODJM A 2016"]
[Site "Willingen GER"]
[Date "2016.05.18"]
[Round "6"]
[White "Walow, Xenia"]
[Black "Thumm, Felix"]
[Result "1/2-1/2"]
[Termination "normal"]
[Board "41"]
[WhiteElo "1575"]
[BlackElo "1939"]
[PlyCount "90"]
[WhiteFideId "12971839"]
[BlackFideId "12902209"]
[EventCountry "GER"]
[EventRounds "9"]
[EventType "swiss"]
[EventDate "2016.05.14"]

1. d4 Nf6 2. Nf3 g6 3. e3 Bg7 4. b3 O-O 5. Bb2 d6 6. Nbd2 Nbd7 7. Bd3 Re8 8.
O-O e5 9. dxe5 Nxe5 10. Nxe5 dxe5 11. e4 c6 12. h3 Nh5 13. Nf3 Bd7 14. Qd2 Nf4
15. Kh2 Qf6 16. Ng1 Qg5 17. g3 Bxh3 18. Nxh3 Nxh3 19. Qxg5 Nxg5 20. Kg2 Ne6 21.
f3 Rad8 22. Rad1 Rd7 23. Be2 Red8 24. Rxd7 Rxd7 25. Rd1 Rxd1 26. Bxd1 Nd4 27.
c3 Nb5 28. Kf2 Kf8 29. Ke2 Ke7 30. Bc2 h5 31. Kd3 g5 32. Ke2 Ke6 33. a4 Nd6 34.
Bc1 Bh6 35. Be3 b6 36. Kf2 f5 37. Kg2 f4 38. gxf4 exf4 39. Bf2 Bg7 40. Be1 b5
41. axb5 Nxb5 42. c4 Na3 43. Bd3 Bb2 44. Bf2 a6 45. Bc5 Ke5 1/2-1/2

[Event "ODJM A 2016"]
[Site "Willingen GER"]
[Date "2016.05.18"]
[Round "6"]
[White "Grunert, Friedrich"]
[Black "Wolff, Marie Antoinette"]
[Result "0-1"]
[Termination "normal"]
[Board "42"]
[WhiteElo "1694"]
[BlackElo "1786"]
[PlyCount "58"]
[WhiteFideId "12995592"]
[BlackFideId "12908258"]
[EventCountry "GER"]
[EventRounds "9"]
[EventType "swiss"]
[EventDate "2016.05.14"]

1. e4 c5 2. Nf3 Nc6 3. d4 cxd4 4. Nxd4 d6 5. Nc3 Nf6 6. f3 g6 7. Be3 Bg7 8. Qd2
Nxd4 9. Bxd4 O-O 10. O-O-O Be6 11. Kb1 Qa5 12. a3 Rfc8 13. g4 Rab8 14. h4 b5
15. h5 b4 16. Na2 Bxa2+ 17. Kxa2 e5 18. Be3 Qa4 19. b3 Qxa3+ 20. Kb1 Rc3 21.
Bd3 d5 22. hxg6 fxg6 23. Bh6 Rbc8 24. Bxg7 Kxg7 25. Qh2 dxe4 26. Bxe4 R8c5 27.
Qh6+ Kf7 28. Rd8 Rxb3+ 29. cxb3 Qxb3+ 0-1

[Event "ODJM A 2016"]
[Site "Willingen GER"]
[Date "2016.05.18"]
[Round "6"]
[White "Weinkauf, Viktor"]
[Black "Pahl, Theis"]
[Result "0-1"]
[Termination "normal"]
[Board "43"]
[WhiteElo "1847"]
[BlackElo "1583"]
[PlyCount "70"]
[WhiteFideId "1272036"]
[BlackFideId "16201264"]
[EventCountry "GER"]
[EventRounds "9"]
[EventType "swiss"]
[EventDate "2016.05.14"]

1. g4 d5 2. Bg2 Bxg4 3. c4 c6 4. Qb3 Qc7 5. cxd5 cxd5 6. Nc3 Nc6 7. Nxd5 Qd7 8.
Qg3 e5 9. d4 Nf6 10. Ne3 Qxd4 11. Bxc6+ bxc6 12. Nxg4 Nxg4 13. Nf3 Qb4+ 14. Bd2
Qxb2 15. O-O Nf6 16. Rfb1 Qa3 17. Qxe5+ Qe7 18. Rb8+ Rxb8 19. Qxb8+ Qd8 20. Rb1
Bd6 21. Qxa7 O-O 22. a4 Ne4 23. Be3 Nc3 24. Rb2 Bc7 25. Rb7 Nxe2+ 26. Kg2 Ba5
27. Bb6 Bxb6 28. Qxb6 Nf4+ 29. Kg3 Qd6 30. Qc7 Ne2+ 31. Kg2 Qe6 32. Qe5 Qg4+
33. Kf1 Qxf3 34. Re7 Nf4 35. Ke1 Nd3+ 0-1

[Event "ODJM A 2016"]
[Site "Willingen GER"]
[Date "2016.05.18"]
[Round "6"]
[White "Usczeck, Alina"]
[Black "Thumm, Niklas"]
[Result "1/2-1/2"]
[Termination "normal"]
[Board "44"]
[WhiteElo "1655"]
[BlackElo "1788"]
[PlyCount "49"]
[WhiteFideId "12938114"]
[BlackFideId "12918733"]
[EventCountry "GER"]
[EventRounds "9"]
[EventType "swiss"]
[EventDate "2016.05.14"]

1. e4 e5 2. Nf3 Nc6 3. d4 exd4 4. Nxd4 Bc5 5. Be3 Qf6 6. Nb5 Bxe3 7. fxe3 Kd8
8. N1c3 a6 9. Nd4 Nge7 10. Bc4 Ne5 11. Bb3 d6 12. Nf3 Be6 13. Bxe6 Qxe6 14. O-O
Rf8 15. Qd4 f6 16. Nxe5 Qxe5 17. Qxe5 dxe5 18. Rad1+ Kc8 19. Rd3 Rd8 20. Rfd1
Rxd3 21. Rxd3 c6 22. Na4 Ra7 23. Nc5 b6 24. Ne6 Rd7 25. Rxd7 1/2-1/2

[Event "ODJM A 2016"]
[Site "Willingen GER"]
[Date "2016.05.18"]
[Round "6"]
[White "Sinnhöfer, Jonas"]
[Black "Cejda, Moritz"]
[Result "1/2-1/2"]
[Termination "normal"]
[Board "45"]
[WhiteElo "1785"]
[BlackElo "1655"]
[PlyCount "71"]
[WhiteFideId "12982938"]
[BlackFideId "12925152"]
[EventCountry "GER"]
[EventRounds "9"]
[EventType "swiss"]
[EventDate "2016.05.14"]

1. e4 e6 2. d4 d5 3. Nd2 Nf6 4. e5 Nfd7 5. Bd3 c5 6. c3 Nc6 7. Ne2 Qb6 8. Nf3
Be7 9. O-O cxd4 10. cxd4 f6 11. exf6 Nxf6 12. Re1 O-O 13. Nf4 Re8 14. a3 Bd6
15. b4 e5 16. dxe5 Nxe5 17. Nxe5 Bxe5 18. Ra2 Bg4 19. Be2 Bxe2 20. Raxe2 Qd6
21. g3 Kf8 22. Be3 b6 23. Nd3 Bc3 24. Bf4 Qd7 25. Rxe8+ Rxe8 26. Rxe8+ Qxe8 27.
Bd2 Ne4 28. Qf3+ Qf7 29. Qxf7+ Kxf7 30. Be3 Ke6 31. f3 Bd2 32. Bf4 Ng5 33. Bxg5
Bxg5 34. Kf2 Kd6 35. f4 Bf6 36. Ke3 1/2-1/2

[Event "ODJM A 2016"]
[Site "Willingen GER"]
[Date "2016.05.18"]
[Round "6"]
[White "Gorainow, Nikita"]
[Black "Hauk, Viktoria"]
[Result "1-0"]
[Termination "normal"]
[Board "46"]
[WhiteElo "1779"]
[BlackElo "1489"]
[PlyCount "35"]
[WhiteFideId "12970093"]
[BlackFideId "12929093"]
[EventCountry "GER"]
[EventRounds "9"]
[EventType "swiss"]
[EventDate "2016.05.14"]

1. e4 e5 2. Nf3 Nc6 3. Nc3 Nf6 4. Bb5 a6 5. Bxc6 bxc6 6. Nxe5 Qe7 7. d4 c5 8.
O-O Bb7 9. Re1 Qe6 10. Bf4 cxd4 11. Qxd4 Bd6 12. Nd3 Bxf4 13. Nxf4 Qg4 14. Nfd5
O-O-O 15. b4 Nh5 16. b5 axb5 17. Ne7+ Kb8 18. Nxb5 1-0

[Event "ODJM A 2016"]
[Site "Willingen GER"]
[Date "2016.05.18"]
[Round "6"]
[White "Fromm, Johannes"]
[Black "Brunner, Tobias"]
[Result "1-0"]
[Termination "normal"]
[Board "47"]
[WhiteElo "1467"]
[BlackElo "1762"]
[PlyCount "87"]
[WhiteFideId "12993204"]
[BlackFideId "12949833"]
[EventCountry "GER"]
[EventRounds "9"]
[EventType "swiss"]
[EventDate "2016.05.14"]

1. Nf3 Nc6 2. e4 d6 3. d4 Bg4 4. Bc4 Nf6 5. Nc3 Bxf3 6. gxf3 e6 7. Be3 Ne7 8.
Qd2 d5 9. Be2 Nc6 10. e5 Ng8 11. O-O-O h6 12. Rdg1 Nge7 13. Kb1 Ng6 14. Nd1 Qd7
15. h4 a6 16. Bd3 Nge7 17. c3 Nc8 18. f4 Nb6 19. Qc2 Ne7 20. f3 Nbc8 21. Bf2 b5
22. Ne3 Nb6 23. f5 O-O-O 24. f4 Nc4 25. fxe6 fxe6 26. h5 Kb7 27. Rh3 Rb8 28.
Bh4 Nc8 29. f5 a5 30. fxe6 Qxe6 31. Bf5 Qc6 32. Nxd5 b4 33. Nxb4 Qb5 34. Be4+
Kb6 35. Nd5+ Ka7 36. Kc1 Qxb2+ 37. Qxb2 Rxb2 38. Nxc7 Ba3 39. Kd1 Rf8 40. Nd5
Rd2+ 41. Ke1 Rf7 42. Ne3 N8b6 43. Nxc4 Nxc4 44. Bd5 1-0

[Event "ODJM A 2016"]
[Site "Willingen GER"]
[Date "2016.05.18"]
[Round "6"]
[White "Heldt, Nils-Lennart"]
[Black "Gallasch, Robin"]
[Result "1-0"]
[Termination "normal"]
[Board "48"]
[WhiteElo "1994"]
[BlackElo "1604"]
[PlyCount "63"]
[WhiteFideId "12952109"]
[BlackFideId "16222423"]
[EventCountry "GER"]
[EventRounds "9"]
[EventType "swiss"]
[EventDate "2016.05.14"]

1. e4 c6 2. Nc3 d5 3. Nf3 dxe4 4. Nxe4 Nd7 5. d4 Ngf6 6. Ng3 e6 7. Be2 b6 8.
O-O Bb7 9. b3 Be7 10. c4 O-O 11. Bb2 c5 12. Qc2 Qc7 13. Rfd1 cxd4 14. Nxd4 Rac8
15. Rac1 a6 16. Bf3 Bxf3 17. Nxf3 Rfd8 18. Qe2 Bc5 19. Ng5 h6 20. N5e4 Nxe4 21.
Nxe4 Bf8 22. Rd3 Ne5 23. Rg3 Ng6 24. Qc2 b5 25. h4 h5 26. Ng5 Qd7 27. Qe2 Nf4
28. Qe4 Ng6 29. Qf3 f6 30. Ne4 Qf7 31. Qxh5 Ne7 32. Nxf6+ 1-0

[Event "ODJM A 2016"]
[Site "Willingen GER"]
[Date "2016.05.18"]
[Round "6"]
[White "Rupp, Andreas"]
[Black "Leser, Stefan"]
[Result "1/2-1/2"]
[Termination "normal"]
[Board "50"]
[WhiteElo "1562"]
[BlackElo "1708"]
[PlyCount "58"]
[WhiteFideId "16225503"]
[BlackFideId "12997706"]
[EventCountry "GER"]
[EventRounds "9"]
[EventType "swiss"]
[EventDate "2016.05.14"]

1. e4 e6 2. Nf3 d5 3. Nc3 Nf6 4. e5 Nfd7 5. d4 c5 6. dxc5 Nxc5 7. Bf4 Nc6 8.
Nd4 a6 9. Be2 Qb6 10. Rb1 Bd7 11. O-O Be7 12. Nxc6 Bxc6 13. Be3 Qc7 14. Bd4 Nd7
15. f4 O-O 16. Bd3 f5 17. exf6 Bxf6 18. Bxf6 Nxf6 19. Ne2 Qb6+ 20. Kh1 Ng4 21.
Qe1 Rf6 22. Qh4 h5 23. h3 Ne3 24. Rf3 d4 25. Rg3 Qc5 26. Rg5 Bd5 27. Qg3 Qe7
28. Rg1 Rd8 29. Rxh5 Nf5 1/2-1/2

[Event "ODJM A 2016"]
[Site "Willingen GER"]
[Date "2016.05.18"]
[Round "6"]
[White "Huber, Marinus"]
[Black "Melde, Benjamin"]
[Result "0-1"]
[Termination "normal"]
[Board "51"]
[WhiteElo "1639"]
[BlackElo "1707"]
[PlyCount "78"]
[WhiteFideId "12979856"]
[BlackFideId "12958816"]
[EventCountry "GER"]
[EventRounds "9"]
[EventType "swiss"]
[EventDate "2016.05.14"]

1. e4 c5 2. Nf3 d6 3. d4 cxd4 4. Nxd4 Nf6 5. Nc3 a6 6. Be3 e5 7. Nb3 Be6 8. f3
Nc6 9. Be2 d5 10. exd5 Nxd5 11. Nxd5 Qxd5 12. O-O Nb4 13. c3 Qxd1 14. Rfxd1 Nc2
15. Bb6 Nxa1 16. Nxa1 Rc8 17. Nb3 Bxb3 18. axb3 Bc5+ 19. Bxc5 Rxc5 20. Bc4 Ke7
21. Kf2 b5 22. Be2 f5 23. Ke3 Ke6 24. c4 b4 25. Bd3 h5 26. Bc2 g5 27. h3 g4 28.
hxg4 hxg4 29. fxg4 fxg4 30. Kf2 Rf8+ 31. Kg3 Rf4 32. Rd2 Rc6 33. Bd1 Rd6 34.
Rxd6+ Kxd6 35. Bxg4 Kc5 36. Bf3 Kd4 37. Kf2 e4 38. Ke2 exf3+ 39. gxf3 Rf5 0-1

[Event "ODJM A 2016"]
[Site "Willingen GER"]
[Date "2016.05.18"]
[Round "6"]
[White "Kublanov, Carolin"]
[Black "Marx, Inga"]
[Result "0-1"]
[Termination "normal"]
[Board "52"]
[WhiteElo "1541"]
[BlackElo "1759"]
[PlyCount "120"]
[WhiteFideId "12944548"]
[BlackFideId "4654749"]
[EventCountry "GER"]
[EventRounds "9"]
[EventType "swiss"]
[EventDate "2016.05.14"]

1. d4 d5 2. Nf3 Nf6 3. e3 e6 4. Bd3 Be7 5. O-O O-O 6. b3 Nbd7 7. Bb2 b6 8. Ne5
Bb7 9. Nd2 Ne8 10. f4 Nxe5 11. dxe5 f5 12. exf6 Bxf6 13. Bxf6 Nxf6 14. Qe2 Qe7
15. c4 Rae8 16. Nf3 Nd7 17. Ng5 g6 18. h4 Nc5 19. Bc2 dxc4 20. bxc4 Rd8 21. h5
h6 22. Nh3 gxh5 23. Qxh5 Qg7 24. Qe2 Rd6 25. Rad1 Rfd8 26. Rxd6 Rxd6 27. f5 e5
28. e4 Rd4 29. f6 Qg6 30. Rf3 Bxe4 31. Bxe4 Rxe4 32. Qf2 Kf7 33. Qd2 Rd4 34.
Qe1 Nd3 35. Qe3 c5 36. Nf2 Nf4 37. Rg3 Ne2+ 38. Qxe2 Qxg3 39. Ne4 Qg6 40. Nxc5
bxc5 41. Qxe5 Qxf6 42. Qh5+ Kg7 43. Qh3 Rd1+ 44. Kh2 Qf4+ 45. g3 Qf2+ 46. Qg2
Qxg2+ 47. Kxg2 Rd2+ 48. Kf3 Kf6 49. Kf4 Rxa2 50. Ke4 Rd2 51. Ke3 Rd4 52. g4 a5
53. g5+ hxg5 54. Ke2 a4 55. Ke3 a3 56. Ke2 a2 57. Ke3 a1=Q 58. Ke2 Qc3 59. Kf2
Rd2+ 60. Ke1 Qc1# 0-1

[Event "ODJM A 2016"]
[Site "Willingen GER"]
[Date "2016.05.18"]
[Round "6"]
[White "Stockter, Jasper Enno"]
[Black "Reck, Jessica"]
[Result "1/2-1/2"]
[Termination "normal"]
[Board "54"]
[WhiteElo "1479"]
[BlackElo "1692"]
[PlyCount "55"]
[WhiteFideId "12957291"]
[BlackFideId "12917931"]
[EventCountry "GER"]
[EventRounds "9"]
[EventType "swiss"]
[EventDate "2016.05.14"]

1. e4 g6 2. d4 c6 3. f4 d5 4. e5 Bg7 5. Nf3 Bg4 6. Bd3 e6 7. O-O Ne7 8. Nbd2
Nd7 9. c3 c5 10. Qe1 Qb6 11. Qf2 h5 12. a4 Nc6 13. h3 Bxf3 14. Nxf3 cxd4 15.
Nxd4 Bf8 16. Nxc6 Qxc6 17. Kh1 Bc5 18. Qc2 a5 19. Bd2 Qb6 20. Rf3 Ke7 21. Be1
h4 22. Bf2 Rac8 23. Bb5 Bxf2 24. Bxd7 Kxd7 25. Rxf2 Rc4 26. Rd1 Ke7 27. Rf3
Rhc8 28. b3 1/2-1/2

[Event "ODJM A 2016"]
[Site "Willingen GER"]
[Date "2016.05.18"]
[Round "6"]
[White "Adelmeyer, Matti"]
[Black "Troyke, Jannis"]
[Result "1-0"]
[Termination "normal"]
[Board "56"]
[WhiteElo "1677"]
[BlackElo "1760"]
[PlyCount "85"]
[WhiteFideId "12962520"]
[BlackFideId "12993115"]
[EventCountry "GER"]
[EventRounds "9"]
[EventType "swiss"]
[EventDate "2016.05.14"]

1. e4 c5 2. c3 Nf6 3. e5 Nd5 4. d4 cxd4 5. cxd4 d6 6. f4 Nc6 7. Nf3 Bg4 8. Be2
Qb6 9. h3 Bxf3 10. Bxf3 e6 11. Nc3 Qxd4 12. Bxd5 exd5 13. Nxd5 Qe4+ 14. Be3
Qxg2 15. Rg1 Qxh3 16. Qe2 O-O-O 17. exd6 Rxd6 18. O-O-O Qd7 19. Qc4 Kb8 20. f5
Na5 21. Qd4 Rc6+ 22. Nc3 Qxd4 23. Rxd4 Bc5 24. Re4 Bxe3+ 25. Rxe3 g6 26. Re7
Rc7 27. f6 Rxe7 28. fxe7 Re8 29. Re1 Nc6 30. Nd5 h5 31. Kd2 h4 32. Ke2 Nd4+ 33.
Kf2 Nb5 34. Nf6 Nd6 35. Nxe8 Nxe8 36. Rd1 Nf6 37. Rd8+ Kc7 38. e8=Q Nxe8 39.
Rxe8 Kd7 40. Rh8 g5 41. Kf3 f5 42. Rh5 h3 43. Rxg5 1-0

[Event "ODJM A 2016"]
[Site "Willingen GER"]
[Date "2016.05.18"]
[Round "6"]
[White "Rose, Luis Stratos"]
[Black "Bilecen, Simon"]
[Result "1/2-1/2"]
[Termination "normal"]
[Board "57"]
[WhiteElo "1385"]
[BlackElo "1474"]
[PlyCount "69"]
[WhiteFideId "12976008"]
[BlackFideId "16225511"]
[EventCountry "GER"]
[EventRounds "9"]
[EventType "swiss"]
[EventDate "2016.05.14"]

1. d4 Nf6 2. Nf3 d5 3. c4 e6 4. Nc3 Bb4 5. Bd2 c5 6. e3 Nc6 7. a3 Bxc3 8. Bxc3
cxd4 9. exd4 O-O 10. Bd3 dxc4 11. Bxc4 a6 12. Bd3 b5 13. O-O Bb7 14. Qe2 Qc7
15. Rac1 Rfd8 16. Rfd1 Qf4 17. h3 Rac8 18. Rc2 Rd7 19. Rdc1 Rcd8 20. Bd2 Qd6
21. Be3 e5 22. dxe5 Nxe5 23. Nxe5 Qxe5 24. Rc3 Ne4 25. Bxe4 Qxe4 26. f3 Qe5 27.
Qc2 h6 28. Bf2 Rd2 29. Qb1 Qe2 30. Rf1 g6 31. Re3 Qc4 32. Rc3 Qe2 33. Re3 Qc4
34. Rc3 Qe2 35. Re3 1/2-1/2

[Event "ODJM A 2016"]
[Site "Willingen GER"]
[Date "2016.05.18"]
[Round "6"]
[White "Riegel, Arinna"]
[Black "Fischer, Maxi"]
[Result "1-0"]
[Termination "normal"]
[Board "58"]
[WhiteElo "1695"]
[BlackElo "1640"]
[PlyCount "87"]
[WhiteFideId "12931446"]
[BlackFideId "24692395"]
[EventCountry "GER"]
[EventRounds "9"]
[EventType "swiss"]
[EventDate "2016.05.14"]

1. Nf3 f5 2. c4 Nf6 3. Nc3 g6 4. g3 Bg7 5. Bg2 d6 6. d4 O-O 7. O-O Kh8 8. Rb1
Qe8 9. b3 Nbd7 10. Ba3 Rg8 11. Nb5 Ne4 12. Nxc7 Qd8 13. Nxa8 e5 14. Bb2 Re8 15.
dxe5 dxe5 16. Qd5 h6 17. Rfd1 Kh7 18. Nh4 Re7 19. Bxe4 fxe4 20. Qd6 Qe8 21. Nc7
Qf7 22. Qd5 Qf6 23. Nb5 Rf7 24. Rf1 Nb6 25. Qxe4 Bh3 26. Ng2 Bf5 27. Qf3 Bxb1
28. Qxf6 Bxf6 29. Rxb1 a6 30. Nc3 Nd7 31. Ne4 Bg7 32. Rd1 Nf8 33. Ne3 Re7 34.
Ba3 Rf7 35. Bxf8 Bxf8 36. Nd5 Bg7 37. Nb6 g5 38. Rd7 Rxd7 39. Nxd7 b5 40. cxb5
axb5 41. Nd6 b4 42. Nc4 e4 43. Nc5 Kg6 44. Nxe4 1-0

[Event "ODJM A 2016"]
[Site "Willingen GER"]
[Date "2016.05.18"]
[Round "6"]
[White "Hoppe, Nico"]
[Black "Wolf, Philipp"]
[Result "1-0"]
[Termination "normal"]
[Board "59"]
[WhiteElo "1459"]
[BlackElo "1592"]
[PlyCount "83"]
[WhiteFideId "16225520"]
[BlackFideId "12958948"]
[EventCountry "GER"]
[EventRounds "9"]
[EventType "swiss"]
[EventDate "2016.05.14"]

1. e4 c5 2. c3 Nf6 3. e5 Nd5 4. d4 cxd4 5. Nf3 e6 6. cxd4 b6 7. Be2 Bb7 8. O-O
h6 9. Be3 Qc7 10. Qd2 Bb4 11. Qc1 Nc6 12. a3 Be7 13. Nc3 Nxc3 14. Qxc3 d5 15.
Bb5 O-O 16. Rac1 Rfc8 17. Bxc6 Qxc6 18. Qxc6 Rxc6 19. Rxc6 Bxc6 20. Rc1 Bb5 21.
Nd2 f6 22. f4 Kf8 23. Kf2 Ke8 24. Ke1 Kd8 25. Nf3 Rc8 26. Rxc8+ Kxc8 27. Bd2
Kb7 28. Bc3 Bd3 29. g3 Ka6 30. Kd2 Be4 31. Ne1 Kb5 32. Nc2 a5 33. Na1 Ka4 34.
Kc1 b5 35. Nc2 Bxc2 36. Kxc2 b4 37. axb4 Bxb4 38. Bxb4 Kxb4 39. b3 a4 40. bxa4
Kxa4 41. Kd3 Kb3 42. f5 1-0

[Event "ODJM A 2016"]
[Site "Willingen GER"]
[Date "2016.05.18"]
[Round "6"]
[White "Kast, Larissa"]
[Black "Schneider, Edward"]
[Result "1/2-1/2"]
[Termination "normal"]
[Board "60"]
[WhiteElo "1567"]
[BlackElo "1651"]
[PlyCount "74"]
[WhiteFideId "24699055"]
[BlackFideId "16200870"]
[EventCountry "GER"]
[EventRounds "9"]
[EventType "swiss"]
[EventDate "2016.05.14"]

1. e4 e5 2. Nf3 Nc6 3. d4 exd4 4. Bc4 Bc5 5. c3 Nf6 6. cxd4 Bb4+ 7. Bd2 Bxd2+
8. Nbxd2 d5 9. exd5 Nxd5 10. Qb3 Nce7 11. O-O O-O 12. Rfe1 c6 13. a4 Qb6 14.
Qa3 Be6 15. Ne4 Qc7 16. Nc5 Bf5 17. Ne5 Rad8 18. Rad1 Bg6 19. Qg3 Nf5 20. Qf3
Nb6 21. Nxg6 hxg6 22. Ba2 Nxd4 23. Qg4 Nc2 24. Rxd8 Rxd8 25. Ne6 Qd7 26. h3
Nxe1 27. Nxd8 Qxd8 28. Qxg6 Qf6 29. Qb1 Nxg2 30. Kxg2 Nxa4 31. Qe4 Nxb2 32.
Qe8+ Kh7 33. Bxf7 Qg5+ 34. Kf1 Qc1+ 35. Kg2 Qg5+ 36. Kf1 Qc1+ 37. Kg2 Qg5+
1/2-1/2